日本全国特急停車駅 - Statistics

General Stats
  • This quiz has been taken 49 times
    48 since last reset
  • The average score is 326 of 596
Answer Stats
路線名 駅名 % Correct
日豊本線 宮崎
84%
中央本線 東京
84%
紀勢本線
84%
東海道本線 名古屋
82%
中央本線 甲府
82%
中央本線 新宿
82%
篠ノ井線 長野
82%
東北本線 上野
82%
高崎線 高崎
82%
総武本線 千葉
82%
日豊本線 中津
79%
日豊本線 小倉
79%
土讃線 | 総武本線
79%
身延線 富士
79%
伊豆急行線 伊豆急下田
79%
山手線 渋谷
79%
成田線 成田
79%
常磐線
79%
日豊本線 鹿児島中央
76%
日豊本線 鹿児島
76%
日豊本線 都城
76%
宮崎空港線 宮崎空港
76%
日豊本線 大分
76%
鹿児島本線 博多
76%
山口線 山口
76%
東海道本線 岐阜
76%
中央本線 塩尻
76%
中央本線 下諏訪
76%
中央本線 上諏訪
76%
御殿場線 御殿場
76%
東海道本線 小田原
76%
伊東線 熱海
76%
山手線 池袋
76%
東北本線 大宮
76%
高崎線 熊谷
76%
高崎線 本庄
76%
成田線 成田空港
76%
常磐線 水戸
76%
日豊本線 佐伯
74%
日豊本線 別府
74%
鹿児島本線 鳥栖
74%
長崎本線 佐賀
74%
山陰本線 出雲市
74%
山陰本線 松江
74%
山陰本線 鳥取
74%
山陰本線 京都
74%
東海道本線 大阪
74%
東海道本線 新大阪
74%
東海道本線 高槻
74%
東海道本線 米原
74%
東海道本線 尾張一宮
74%
中央本線 多治見
74%
中央本線 中津川
74%
中央本線 大月
74%
予讃線 高松
74%
高山本線 高山
74%
高山本線 富山
74%
身延線 身延
74%
伊豆箱根鉄道駿豆線 修善寺
74%
内房線 木更津
74%
常磐線 いわき
74%
白新線 新潟
74%
日豊本線 南宮崎
71%
日豊本線 延岡
71%
日豊本線 行橋
71%
鹿児島本線 久留米
71%
佐世保線 武雄温泉
71%
山陰本線 益田
71%
山陰本線 浜田
71%
山陰本線 豊岡
71%
山陰本線 福知山
71%
北陸本線 敦賀
71%
山陽本線 岡山
71%
山陽本線 西明石
71%
山陽本線 明石
71%
東海道本線 神戸
71%
東海道本線 三ノ宮
71%
東海道本線 大津
71%
東海道本線 近江八幡
71%
東海道本線 大垣
71%
中央本線 金山
71%
中央本線 立川
71%
篠ノ井線 松本
71%
篠ノ井線 篠ノ井
71%
関西本線 四日市
71%
紀勢本線 新宮
71%
関西本線 奈良
71%
舞鶴線 西舞鶴
71%
舞鶴線 東舞鶴
71%
予讃線 松山
71%
土讃線 高知
71%
高徳線 徳島
71%
身延線 富士宮
71%
伊豆箱根鉄道駿豆線 三島
71%
東海道本線 品川
71%
東海道本線 大船
71%
伊豆急行線 伊東
71%
常磐線 日暮里
71%
東北本線 赤羽
71%
東北本線 浦和
71%
高崎線 上尾
71%
高崎線 深谷
71%
総武本線 船橋
71%
内房線 蘇我
71%
総武本線 銚子
71%
常磐線 土浦
71%
常磐線 日立
71%
常磐線
71%
東北本線 仙台
71%
信越本線 直江津
71%
奥羽本線 秋田
71%
函館本線
71%
日豊本線 国分
68%
佐世保線 佐世保
68%
豊肥本線 熊本
68%
山口線 新山口
68%
山陰本線 大田市
68%
山陰本線 安来
68%
山陰本線 米子
68%
山陰本線 城崎温泉
68%
山陰本線 亀岡
68%
山陽本線 倉敷
68%
山陽本線 相生
68%
山陽本線 姫路
68%
山陽本線 加古川
68%
東海道本線 尼崎
68%
東海道本線 山科
68%
東海道本線 彦根
68%
中央本線 岡谷
68%
中央本線 山梨市
68%
中央本線 八王子
68%
富士急行線 富士山
68%
大糸線 信濃大町
68%
飯田線 豊橋
68%
飯田線 飯田
68%
阪和線 和歌山
68%
関西空港線 関西空港
68%
因美線 智頭
68%
予讃線 坂出
68%
予讃線 多度津
68%
予讃線 宇和島
68%
土佐くろしお鉄道中村線 中村
68%
高山本線 下呂
68%
東海道本線 川崎
68%
東海道本線 茅ヶ崎
68%
高崎線 桶川
68%
高崎線 鴻巣
68%
上越線 新前橋
68%
吾妻線 長野原草津口
68%
総武本線 錦糸町
68%
内房線 君津
68%
外房線 安房鴨川
68%
常磐線 勝田
68%
常磐線 相馬
68%
信越本線 長岡
68%
羽越本線 新発田
68%
羽越本線 村上
68%
羽越本線 鶴岡
68%
羽越本線 酒田
68%
室蘭本線 長万部
68%
函館本線 札幌
68%
宗谷本線 稚内
68%
日豊本線 臼杵
66%
日豊本線 宇佐
66%
鹿児島本線 八幡
66%
鹿児島本線 吉塚
66%
大村線 ハウステンボス
66%
山陰本線 江津
66%
山陰本線 倉吉
66%
湖西線 近江今津
66%
山陽本線 上郡
66%
東海道本線 南草津
66%
東海道本線 草津
66%
中央本線 千種
66%
大糸線 白馬
66%
関西本線 桑名
66%
紀勢本線 尾鷲
66%
紀勢本線 白浜
66%
阪和線 日根野
66%
大阪環状線 天王寺
66%
丹鉄宮福線 宮津
66%
外房線 | 智頭急行線 大原
66%
本四備讃線 児島
66%
予讃線 宇多津
66%
予讃線 丸亀
66%
予讃線 今治
66%
土佐くろしお鉄道中村線 宿毛
66%
東海道本線 静岡
66%
東海道本線 藤沢
66%
東海道本線 平塚
66%
東海道本線 国府津
66%
東海道本線 湯河原
66%
高崎線 北本
66%
外房線 大網
66%
外房線 勝浦
66%
常磐線 高萩
66%
常磐線 双葉
66%
常磐線 原ノ町
66%
信越本線 柏崎
66%
奥羽本線 新青森
66%
奥羽本線 青森
66%
函館本線 函館
66%
室蘭本線 室蘭
66%
室蘭本線 苫小牧
66%
千歳線 千歳
66%
宗谷本線 旭川
66%
日豊本線 霧島神宮
63%
日豊本線 日向市
63%
日豊本線 杵築
63%
鹿児島本線 折尾
63%
鹿児島本線 二日市
63%
長崎本線 新鳥栖
63%
山口線 津和野
63%
山陰本線 綾部
63%
東海道本線 守山
63%
東海道本線 野洲
63%
中央本線 恵那
63%
中央本線 南木曽
63%
中央本線 茅野
63%
中央本線 小淵沢
63%
紀勢本線 松阪
63%
丹鉄宮舞・宮豊線 天橋立
63%
予讃線 観音寺
63%
内子線 内子
63%
高山本線 美濃太田
63%
東海道本線 沼津
63%
京葉線 海浜幕張
63%
常磐線 友部
63%
常磐線 勿来
63%
常磐線 岩沼
63%
妙高はねうまライン 上越妙高
63%
函館本線 新函館北斗
63%
根室本線 釧路
63%
宗谷本線 音威子府
63%
日豊本線 高鍋
61%
鹿児島本線 門司港
61%
鹿児島本線 門司
61%
鹿児島本線 黒崎
61%
佐世保線 早岐
61%
久大本線 由布院
61%
山陰本線 伯耆大山
61%
山陰本線 鳥取大学前
61%
山陰本線 浜坂
61%
北陸本線 長浜
61%
東海道本線 石山
61%
中央本線 富士見
61%
中央本線 韮崎
61%
中央本線 石和温泉
61%
富士急行線 河口湖
61%
紀勢本線 串本
61%
紀勢本線 紀伊田辺
61%
紀勢本線 御坊
61%
紀勢本線 海南
61%
福知山線 宝塚
61%
伯備線 備中高梁
61%
予讃線 新居浜
61%
予讃線 伊予市
61%
高山本線 飛騨古川
61%
御殿場線 松田
61%
横須賀線 武蔵小杉
61%
東海道本線 辻堂
61%
吾妻線 渋川
61%
総武本線 四街道
61%
総武本線 成東
61%
常磐線 龍ケ崎市
61%
常磐線 石岡
61%
信越本線 新津
61%
奥羽本線 弘前
61%
函館本線 八雲
61%
室蘭本線 東室蘭
61%
室蘭本線 登別
61%
千歳線 南千歳
61%
根室本線 帯広
61%
函館本線 岩見沢
61%
函館本線 砂川
61%
宗谷本線 名寄
61%
石北本線 網走
61%
日豊本線 隼人
58%
日豊本線 津久見
58%
鹿児島本線 福間
58%
長崎本線 江北
58%
久大本線 日田
58%
山陰本線 宍道
58%
山陰本線 二条
58%
山陽本線 網干
58%
山陽本線 大久保
58%
中央本線 木曽福島
58%
中央本線 塩山
58%
飯田線 豊川
58%
飯田線 新城
58%
伊勢鉄道線 鈴鹿
58%
紀勢本線 紀伊勝浦
58%
関西本線 王寺
58%
智頭急行線 佐用
58%
伯備線 新見
58%
予讃線 伊予西条
58%
土讃線 善通寺
58%
土讃線 琴平
58%
土讃線 阿波池田
58%
土讃線 大歩危
58%
土讃線 後免
58%
高山本線 猪谷
58%
東海道本線 清水
58%
横須賀線 戸塚
58%
伊豆急行線 河津
58%
外房線 上総一ノ宮
58%
外房線 御宿
58%
総武本線 佐倉
58%
成田線 空港第2ビル
58%
常磐線 ひたち野うしく
58%
常磐線 東海
58%
常磐線 浪江
58%
妙高はねうまライン 高田
58%
羽越本線 羽後本荘
58%
函館本線 五稜郭
58%
函館本線 深川
58%
宗谷本線 南稚内
58%
鹿児島本線 赤間
55%
豊肥本線 阿蘇
55%
山陰本線 玉造温泉
55%
山陰本線 香住
55%
山陰本線 園部
55%
山陽本線 英賀保
55%
中央本線 竜王
55%
富士急行線 富士急ハイランド
55%
飯田線 中部天竜
55%
紀勢本線 多気
55%
関西本線 法隆寺
55%
予讃線 川之江
55%
予讃線 伊予北条
55%
予讃線 伊予大洲
55%
土讃線 須崎
55%
土讃線 窪川
55%
高徳線 オレンジタウン
55%
吾妻線 中之条
55%
内房線 五井
55%
外房線 茂原
55%
総武本線 八街
55%
総武本線 八日市場
55%
常磐線 牛久
55%
常磐線 大甕
55%
羽越本線 仁賀保
55%
奥羽本線 大館
55%
函館本線 大沼公園
55%
室蘭本線 白老
55%
石勝線 新夕張
55%
函館本線 滝川
55%
石北本線 上川
55%
石北本線 北見
55%
鹿児島本線 戸畑
53%
鹿児島本線 香椎
53%
長崎本線 肥前鹿島
53%
佐世保線 有田
53%
久大本線 うきは
53%
山口線 湯田温泉
53%
山陰本線 温泉津
53%
山陰本線 和田山
53%
湖西線 堅田
53%
山陽本線 はりま勝原
53%
中央本線 勝沼ぶどう郷
53%
紀勢本線 熊野市
53%
紀勢本線 周参見
53%
関西本線 郡山
53%
福知山線 三田
53%
福知山線 篠山口
53%
福知山線 柏原
53%
因美線 郡家
53%
伯備線 総社
53%
予讃線 伊予三島
53%
高山本線 越中八尾
53%
高山本線 速星
53%
東海道本線 浜松
53%
御殿場線 駿河小山
53%
伊豆急行線 伊豆高原
53%
常磐線 湯本
53%
常磐線 亘理
53%
妙高はねうまライン 新井
53%
信越本線 東三条
53%
信越本線 加茂
53%
羽越本線 あつみ温泉
53%
奥羽本線 東能代
53%
奥羽本線 大鰐温泉
53%
室蘭本線 伊達紋別
53%
千歳線 新札幌
53%
石勝線 追分
53%
根室本線 新得
53%
函館本線 美唄
53%
宗谷本線 士別
53%
宗谷本線 豊富
53%
石北本線 遠軽
53%
石北本線 女満別
53%
日豊本線 姶良
50%
日豊本線 宮崎神宮
50%
豊肥本線 新水前寺
50%
山陰本線 西出雲
50%
山陽本線 手柄山平和公園
50%
富士急行線 都留文科大学前
50%
大糸線 穂高
50%
紀勢本線 太地
50%
阪和線 和泉府中
50%
関西本線 久宝寺
50%
福知山線 川西池田
50%
福知山線 新三田
50%
伯備線 根雨
50%
予讃線 八幡浜
50%
高崎線 新町
50%
常磐線 荒川沖
50%
常磐線 常陸多賀
50%
羽越本線 余目
50%
室蘭本線 洞爺
50%
石勝線 トマム
50%
宗谷本線 天塩中川
50%
宗谷本線 幌延
50%
日豊本線 都農
47%
日豊本線 鶴崎
47%
長崎本線 吉野ヶ里公園
47%
篠ノ井線 聖高原
47%
紀勢本線 南部
47%
福知山線 谷川
47%
播但線 寺前
47%
土讃線 伊野
47%
高徳線 池谷
47%
高山本線 白川口
47%
伊豆箱根鉄道駿豆線 伊豆長岡
47%
総武本線 横芝
47%
常磐線 広野
47%
妙高はねうまライン 春日山
47%
羽越本線 遊佐
47%
奥羽本線 鷹ノ巣
47%
石勝線 占冠
47%
根室本線 芽室
47%
根室本線 池田
47%
石北本線 留辺蘂
47%
日豊本線 南延岡
45%
日豊本線 柳ヶ浦
45%
豊肥本線 肥後大津
45%
豊肥本線 豊後竹田
45%
山陰本線 三保三隅
45%
山陰本線 岩美
45%
中央本線 上松
45%
飯田線 天竜峡
45%
紀勢本線 紀伊長島
45%
紀勢本線 湯浅
45%
阪和線 和泉砂川
45%
福知山線 西宮名塩
45%
伯備線 生山
45%
予讃線 詫間
45%
高徳線 栗林
45%
高山本線 鵜沼
45%
身延線 南甲府
45%
伊豆急行線 伊豆稲取
45%
白新線 豊栄
45%
羽越本線 象潟
45%
奥羽本線 八郎潟
45%
根室本線 白糠
45%
宗谷本線 和寒
45%
石北本線 白滝
45%
日豊本線 西都城
42%
日豊本線 佐土原
42%
久大本線 豊後森
42%
紀勢本線 箕島
42%
土讃線 土佐山田
42%
土讃線 朝倉
42%
高徳線 志度
42%
高徳線 板野
42%
身延線 鰍沢口
42%
内房線 姉ケ崎
42%
常磐線 磯原
42%
常磐線 富岡
42%
信越本線 見附
42%
羽越本線 中条
42%
羽越本線 坂町
42%
室蘭本線 母恋
42%
根室本線 十勝清水
42%
宗谷本線 美深
42%
豊肥本線 立野
39%
山陰本線 八鹿
39%
篠ノ井線 明科
39%
大糸線 豊科
39%
飯田線 水窪
39%
紀勢本線 藤並
39%
播但線 福崎
39%
播但線 竹田
39%
高徳線 三本松
39%
伊豆箱根鉄道駿豆線 三島田町
39%
伊豆急行線 伊豆熱川
39%
外房線 安房小湊
39%
信越本線 柿崎
39%
室蘭本線 輪西
39%
日豊本線 門川
37%
日豊本線 朽網
37%
鹿児島本線 東郷
37%
豊肥本線 三重町
37%
飯田線 本長篠
37%
関西本線 大和小泉
37%
丹鉄宮舞・宮豊線 夕日ヶ浦木津温泉
37%
予讃線 壬生川
37%
予讃線 卯之町
37%
高徳線 讃岐白鳥
37%
高山本線 飛騨金山
37%
身延線 市川大門
37%
外房線 土気
37%
奥羽本線 碇ヶ関
37%
山口線 日原
34%
紀勢本線 三瀬谷
34%
丹鉄宮福線 大江
34%
丹鉄宮舞・宮豊線 久美浜
34%
土讃線 土佐久礼
34%
身延線 下部温泉
34%
伊豆箱根鉄道駿豆線 大仁
34%
常磐線 大野
34%
羽越本線 府屋
34%
根室本線 浦幌
34%
日豊本線 亀川
32%
久大本線 筑後吉井
32%
山陰本線 江原
32%
飯田線 湯谷温泉
32%
紀勢本線 古座
32%
福知山線 中山寺
32%
播但線 生野
32%
土讃線 佐川
32%
高徳線 屋島
32%
奥羽本線 浪岡
32%
室蘭本線 御崎
32%
室蘭本線 幌別
32%
日豊本線 幸崎
29%
日豊本線 宇島
29%
豊肥本線 宮地
29%
福知山線 相野
29%
丹鉄宮舞・宮豊線 与謝野
29%
予讃線 高瀬
29%
土讃線 大杉
29%
高徳線 勝瑞
29%
徳島線 石井
29%
徳島線 穴吹
29%
身延線 東花輪
29%
奥羽本線 二ツ井
29%
室蘭本線 鷲別
29%
石北本線 美幌
29%
久大本線 久留米大学前
26%
山口線 徳佐
26%
山陰本線 竹野
26%
富士急行線 下吉田
26%
丹鉄宮舞・宮豊線 京丹後大宮
26%
丹鉄宮舞・宮豊線 峰山
26%
予讃線 伊予吉田
26%
土佐くろしお鉄道中村線 平田
26%
高山本線 飛騨萩原
26%
高山本線 久々野
26%
石北本線 丸瀬布
26%
石北本線 生田原
26%
山陰本線 波子
24%
山陰本線 仁万
24%
山陰本線 日吉
24%
丹鉄宮舞・宮豊線 網野
24%
土佐くろしお鉄道中村線 土佐佐賀
24%
徳島線 鴨島
24%
身延線 内船
24%
奥羽本線 森岳
24%
日豊本線 重富
21%
日豊本線 加治木
21%
日豊本線 三股
21%
日豊本線 大在
21%
高徳線 引田
21%
徳島線 阿波川島
21%
高山本線 飛騨小坂
21%
身延線 甲斐岩間
21%
伊豆箱根鉄道駿豆線 大場
21%
日豊本線 帖佐
18%
日豊本線 田野
18%
日豊本線 清武
18%
日豊本線 下曽根
18%
久大本線 田主丸
18%
山陰本線 佐津
18%
飯田線 温田
18%
徳島線 貞光
18%
久大本線 天ヶ瀬
16%
久大本線 湯平
16%
久大本線 向之原
16%
飯田線 平岡
16%
福知山線 黒井
16%
土佐くろしお鉄道中村線 土佐上川口
16%
土佐くろしお鉄道中村線 土佐入野
16%
高徳線 讃岐津田
16%
徳島線 阿波加茂
16%
日豊本線 山之口
13%
山口線 三谷
13%
内子線 伊予中山
13%
徳島線 阿波山川
13%
豊肥本線 豊後荻
11%
豊肥本線 緒方
11%
土讃線 多ノ郷
11%
久大本線 豊後中村
8%
徳島線 蔵本
8%
No matching quizzes found
Score Distribution
Percent of People with Each Score
Percentile by Number Answered
Your Score History
You have not taken this quiz since the last reset